000 00409nam a2200169Ia 4500
008 230711s9999||||xx |||||||||||||| ||und||
041 _aENG
082 _a530
_bJO-F
100 _aJotania,RB
245 0 _aFerrites and ceramic composites II
250 _a1st . Ed.
260 _c2016
_aMohali
_bTrans Tech Publications
300 _a236p.
650 _aPhysics
700 _aVirk,Hardev Singh
942 _cBK
999 _c5741
_d5741